000
00293nam a22001337a 4500
008
171103b xxu||||| |||| 00| 0 eng d
020
_a
9781412956475
041
_a
eng
080
_2
3RD
_a
339.138
100
_a
60
101
_a
MAR
245
_a
SOCIAL MARKETING
_c
KOTLER,P
942
_2
udc
_c
BK
999
_c
37469
_d
37469